Un acercamiento a Polesello (Record no. 1649)

MARC details
000 -LEADER
campo de control de longitud fija 00512nam a22001337a 4500
008 - DATOS DE LONGITUD FIJA--INFORMACIÓN GENERAL
campo de control de longitud fija 181024b xxu||||| |||| 00| 0 eng d
020 ## - NÚMERO INTERNACIONAL ESTÁNDAR DEL LIBRO
Número Internacional Estándar del Libro 950 9004 52 9
082 ## - NÚMERO DE LA CLASIFICACIÓN DECIMAL DEWEY
Número de clasificación 709.2
Número de ítem P323u
100 ## - ENTRADA PRINCIPAL--NOMBRE DE PERSONA
Nombre de persona Pau-Llosa, Ricardo
9 (RLIN) 4961
245 ## - MENCIÓN DEL TÍTULO
Título Un acercamiento a Polesello
260 ## - PUBLICACIÓN, DISTRIBUCIÓN, ETC.
Lugar de publicación, distribución, etc. Buenos Aires, Argentina
Nombre del editor, distribuidor, etc. Ediciones de Arte Gaglianone
Fecha de publicación, distribución, etc. 1984
300 ## - DESCRIPCIÓN FÍSICA
Extensión 170 p.
Otras características físicas ill (col)
Dimensiones 31. 8 cm
650 ## - PUNTO DE ACCESO ADICIONAL DE MATERIA--TÉRMINO DE MATERIA
Fuente del encabezamiento o término Arte - crítica e interpretación
Subdivisión general Polesello, Rogelio - artista argentino
-- Arte - Biografía
Subdivisión geográfica Arte - Argentina
9 (RLIN) 6751
Holdings
Estatus retirado Estado de pérdida Fuente del sistema de clasificación o colocación Estado de daño No para préstamo Biblioteca de origen Biblioteca actual Ubicación en estantería Fecha de adquisición Total de préstamos Signatura topográfica completa Código de barras Visto por última vez Precio de reemplazo Tipo de ítem Koha
    Clasificación Decimal Dewey     Biblioteca LadoV Biblioteca LadoV   24/10/2018   709.2 P323u 000948 24/10/2018 24/10/2018 Material 01